Loading...
| Current Events | 6 | 11.67 | 100% | 17% | 0% |
| Fine Arts - Classical Music | 6 | 16.67 | 100% | 50% | 17% |
| Fine Arts - Other | 10 | 12.00 | 80% | 20% | 20% |
| Fine Arts - Painting & Sculpture | 5 | 10.00 | 80% | 20% | 0% |
| Geography | 6 | 11.67 | 83% | 33% | 0% |
| History - American | 8 | 11.25 | 88% | 25% | 0% |
| History - European | 5 | 12.00 | 100% | 20% | 0% |
| History - Other | 9 | 16.67 | 100% | 44% | 22% |
| History - World | 7 | 10.00 | 86% | 14% | 0% |
| Literature - American | 7 | 10.00 | 71% | 29% | 0% |
| Literature - British | 8 | 15.00 | 100% | 38% | 13% |
| Literature - European | 4 | 10.00 | 100% | 0% | 0% |
| Literature - World | 6 | 13.33 | 83% | 50% | 0% |
| Mythology | 4 | 15.00 | 100% | 25% | 25% |
| Other Academic | 4 | 15.00 | 100% | 25% | 25% |
| Philosophy | 8 | 10.00 | 63% | 25% | 13% |
| Religion | 11 | 12.73 | 91% | 27% | 9% |
| Science - Biology | 11 | 18.18 | 100% | 55% | 27% |
| Science - Chemistry | 8 | 10.00 | 75% | 25% | 0% |
| Science - Other | 6 | 11.67 | 100% | 17% | 0% |
| Science - Physics | 5 | 16.00 | 100% | 60% | 0% |
| Social Science | 8 | 15.00 | 100% | 38% | 13% |